000 01096cam a22002054a 4500
005 20250605164232.0
008 250528s ||||||||||||||||||||||||d
035 _a21013
020 _a9789513948764
040 _aGR-AtMCL
_bgre
_dGR-AtMCL
_eAACR2
245 1 _aEuropean Lifelong Guidance Policies: Progress Report 2011-12 / A report on the work of the European Lifelong Guidance Policy Network 2011-12 Short Report
260 _bEuropean Lifelong Guidance Policy Network,
_c2012
300 _a36
520 _aThe purpose of this short report is to communicate the outcomes of the European Lifelong Guidance Policy Network (ELGPN) during 2011-12 to relevant policy-makers and stakeholders at both European and national levels. Overview, Career Management Skills (Work Package 1), Widening Access (Work Package 2), Co-operation and Co-ordination Mechanisms (Work Package 3), Quality Assurance and Evidence (Work Package 4), EU Policy Developments, Evaluation.
700 1 _aVuorinem Raimo
_97027
700 1 _aWatts Anthony G
_97028
942 _cBK
999 _c6089
_d6089